| 000 | 01088nam a22003258i 4500 | ||
|---|---|---|---|
| 001 | 43613 | ||
| 003 | BD-RJUL | ||
| 005 | 20211209053725.0 | ||
| 008 | 160625s1979 dcua b 000 0 eng | ||
| 035 | _aBD-RJUL 43731 | ||
| 035 | _a(OCoLC)05675117 | ||
| 035 | _aGLIS00082072 | ||
| 040 |
_aDLC _cDLC _dMYG _dBD-RJUL _beng |
||
| 041 | _aeng | ||
| 082 |
_222 _a332.45 _bGRI 1970 |
||
| 099 | _aHG3881.M88 | ||
| 100 | 1 |
_aGrubel, Herbert G. _d1921-2012. _9133998 |
|
| 245 | 1 | 4 |
_aThe international monetary system : _befficiency and practical alternatives / _c Herbert G. Grubel |
| 260 |
_aWashington : _bAmerican Enterprise Institute for Public Policy Research, _cc1969 [reprint 1970] |
||
| 300 |
_a207 p. : _bill. ; _c23 cm. |
||
| 490 | 1 | _aStudies in economic policy | |
| 490 | 1 |
_aAEI studies ; _v259 |
|
| 504 | _aIncludes bibliographical references. | ||
| 650 | 0 |
_aInternational finance. _9133634 |
|
| 650 | 0 |
_aForeign exchange. _9133999 |
|
| 830 | 0 |
_aStudies in economic policy. _9134002 |
|
| 830 | 0 |
_aAEI studies ; _v259. _9134003 |
|
| 942 |
_2ddc _cBK |
||
| 999 |
_c43613 _d43613 |
||